Exposició - concurs d'herbaris i mètodes escolars per l'estudi de les plantes i la seva vida : organització del Consell de Pedagogia i la Junta de Ciències Naturals organització del Consell de Pedagogia i la Junta de Ciències Naturals
Descripción Física:
4 p. ; 26 cm
Materias:
Ciències naturals -- Ensenyament
MARC
| LEADER | 00000nam a2200000Ia 4500 | ||
|---|---|---|---|
| 001 | 21460 | ||
| 008 | 160829s1920 xx 000 0 cat d | ||
| 080 | |a RF-13-15 | ||
| 245 | |a Exposició - concurs d'herbaris i mètodes escolars per l'estudi de les plantes i la seva vida : |b organització del Consell de Pedagogia i la Junta de Ciències Naturals | ||
| 260 | |a Barcelona : |b [s. n.], |c 1920 | ||
| 300 | |a 4 p. ; |c 26 cm | ||
| 590 | |a A la part superior de la portada: Concursos d'Ensenyament Primari anexes a l'Escola d'Estiu de la Mancomunitat de Catalunya, II any. | ||
| 590 | |a Prové de 3274, exp. 1 | ||
| 650 | |a Ciències naturals |x Ensenyament |9 49077 | ||
| 710 | 2 | |a Junta de Ciències Naturals de Barcelona |9 55756 | |
| 856 | 4 | |u https://media.diba.cat/diba/fitxers/arxiu/fulletons/bib_21460_1920_baixa.pdf |y Accés lliure | |
| 856 | 4 | |u https://media.diba.cat/diba/fitxers/arxiu/fulletons/bib_21460_1920_baixa.pdf |y Accés lliure | |
| 901 | |a Arxiu | ||
| 942 | |n 1 |2 udc | ||
| 952 | |0 0 |1 0 |4 0 |6 RF1315 |7 1 |9 54067 |a Arxiu |b Arxiu |d 2016-12-01 |l 0 |o RF-13-15 |p 21460 |r 2016-12-01 00:00:00 |w 2016-12-01 |y ARXIU | ||
| 999 | |c 57935 |d 57935 | ||
| 900 | |a bib_21460_1920_baixa.pdf | ||